000 00726nam a22001817a 4500
005 20231201160450.0
010 _aHIN-126303
020 _a9789387246003
_c300.00
035 _aHN-98649
037 _bDBAD/PUB.
082 _a821
100 _aरजनी रंजन रश्मि
_959357
245 _aकंधे पर सूरज/
_cरजनी रंजन रश्मि
260 _aदिल्ली
_bसानिध्य बुक्स
_c2020
270 _aX/3282 गली न 4 रघुबरपुरा गांधीनगर
_bदिल्ली
_e110031
300 _a135 पृ.;
_c22सेमी (सजिल्द)
942 _adpl
_cHN
_2ddc
_h821
_mरजनी
999 _c199131
_d199131